| 000 | 00813nac a22002291u 4500 | ||
|---|---|---|---|
| 010 | _a 73014430 | ||
| 020 | _a0023290005 | ||
| 082 | 0 | 0 |
_a621.815 _bDEU |
| 090 |
_c6479 _d6479 |
||
| 100 | _aDeutschman, Aaron D. | ||
| 245 | 1 | 0 |
_aMachine design; theory and practice _c[by] Aaron D. Deutschman, Walter J. Michels [and] Charles E. Wilson. |
| 260 |
_aNew York, _bMacmillan _c[1975] |
||
| 300 |
_axi, 932 p. _billus. _c24 cm. |
||
| 500 | _aDistributer: Al-Ahram. | ||
| 504 | _aIncludes bibliographies. | ||
| 511 | _aCatalogued By: mahitab. | ||
| 650 | 0 | _aMachine design. | |
| 700 | 1 | _aMichels, Walter J., | |
| 700 | 1 | _aWilson, Charles E., | |
| 942 |
_cBB _k621.815DEU |
||
| 999 |
_c6479 _d6479 |
||